Duck chromosomes by feather pulp method

Đã lưu trong:
Bibliografiske detaljer
Hovedforfatter: Lê Minh Đúng
Format: Bog
Sprog:Undetermined
Udgivet: Cần Thơ Viện Đại Học Cần Thơ - Trường Cao Đẳng Nông Nghiệp 1972
Fag:
Tags: Tilføj Tag
Ingen Tags, Vær først til at tagge denne postø!
Thư viện lưu trữ: Trung tâm Học liệu Trường Đại học Cần Thơ
LEADER 00560nam a2200181Ia 4500
001 CTU_33481
008 210402s9999 xx 000 0 und d
082 |a 636.5 
082 |b Đ513 
100 |a Lê Minh Đúng 
245 0 |a Duck chromosomes by feather pulp method 
245 0 |c Lê Minh Đúng 
260 |a Cần Thơ 
260 |b Viện Đại Học Cần Thơ - Trường Cao Đẳng Nông Nghiệp 
260 |c 1972 
650 |a duck,poultry 
904 |i Minh, 991029 
980 |a Trung tâm Học liệu Trường Đại học Cần Thơ